000 00408nam a22001697a 4500
003 OSt
005 20260518120008.0
008 260518b |||||||| |||| 00| 0 eng d
020 _a9789354661167
082 _a621.3822 KAD
100 _aKANI,A Nagoor.
245 _aDigital Signal Processing
250 _a3rd Ed
260 _aNew Delhi
_bCBS Publication
_c2026
300 _a12.12 MISC
942 _2ddc
_cBK
999 _c13963
_d13963